Documento de la relación de escritura de Convento de la Concepción (Record no. 4861)
[ view plain ]
| 000 -CABECERA | |
|---|---|
| campo de control de longitud fija | 01562nam a2200289 a 4500 |
| 001 - NÚMERO DE CONTROL | |
| campo de control | BRCA_5167 |
| 005 - FECHA Y HORA DE LA ÚLTIMA TRANSACCIÓN | |
| campo de control | 20190320204952.0 |
| 008 - DATOS DE LONGITUD FIJA--INFORMACIÓN GENERAL | |
| campo de control de longitud fija | 231110s1604----mx-######v---#000-0#spa-# |
| 041 ## - CÓDIGO DE LENGUA | |
| Código de lengua del texto/banda sonora o título independiente | spa |
| 044 ## - CÓDIGO DEL PAÍS DE LA ENTIDAD EDITORA/PRODUCTORA | |
| Código MARC del país | mx |
| 084 ## - OTRO NÚMERO DE CLASIFICACIÓN | |
| Número de clasificación | DOC123 |
| Número de documento/Ítem | .D63 |
| -- | 1604 |
| 245 10 - MENCIÓN DE TÍTULO | |
| Título | Documento de la relación de escritura de Convento de la Concepción |
| Mención de responsabilidad, etc. | Marcos Guerrero y Don Alonso de Berrio. |
| 260 ## - PUBLICACIÓN, DISTRIBUCIÓN, ETC. | |
| Lugar de publicación, distribución, etc. | México |
| Fecha de publicación, distribución, etc. | 1604 |
| 300 ## - DESCRIPCIÓN FÍSICA | |
| Extensión | [31] fojas |
| Dimensiones | 32 x 22 cm |
| 500 ## - NOTA GENERAL | |
| Nota general | Documento fechado el 9 de octubre de 1604 en México |
| 500 ## - NOTA GENERAL | |
| Nota general | Ante Marcos Guerrero, leyó Don Alonso de Berrio en representación del Mayordomo del Convento de la Concepción de está Ciudad de México, la relación de escrituras y censos perpetuos e irredimibles y arrendamientos de dicho convento en virtud de que muchos de ellos se habían muerto, a fin de poner en orden los bienes de dicho convento y de que no estuvieran estos en peligro de perderse. Trae una relación de los mismos que datan del último tercio del siglo XVI |
| 500 ## - NOTA GENERAL | |
| Nota general | El documento contiene la leyenda DOC. #291 |
| 500 ## - NOTA GENERAL | |
| Nota general | Papel con marca de agua |
| 500 ## - NOTA GENERAL | |
| Nota general | Estado de conservación: contiene manchas de acidificación, márgenes doblados y maltratados |
| 506 0# - NOTA DE RESTRICCIONES AL ACCESO | |
| Limitaciones de acceso | Fondo reservado: para su consulta es necesario credencial de usuario y carta de motivos |
| 546 ## - NOTA DE LENGUA/LENGUAJE | |
| Nota de lengua/lenguaje | Texto en: español del siglo XVII |
| 650 14 - PUNTO DE ACCESO ADICIONAL DE MATERIA--TÉRMINO DE MATERIA | |
| Término de materia o nombre geográfico como elemento de entrada | Documentos legales |
| Subdivisión de forma | Manuscrito |
| Subdivisión general | Historia |
| Subdivisión cronológica | Colonia, 1521-1821 |
| Subdivisión geográfica | México |
| 9 (RLIN) | 13218 |
| 700 1# - PUNTO DE ACCESO ADICIONAL--NOMBRE DE PERSONA | |
| Nombre de persona | Guerrero, Marcos |
| 9 (RLIN) | 13219 |
| 700 1# - PUNTO DE ACCESO ADICIONAL--NOMBRE DE PERSONA | |
| Nombre de persona | Berrio, Alonso de |
| 9 (RLIN) | 13220 |
| 902 ## - CATALOGADOR | |
| Iniciales | FDH |
| 942 ## - ELEMENTOS DE PUNTO DE ACCESO ADICIONAL (KOHA) | |
| Fuente del sistema de clasificación o colocación | Library of Congress Classification |
| Tipo de ítem Koha | Documentos |
| Estado de retiro | Estado de pérdida | Estado dañado | No para préstamo | Localización permanente | Ubicación/localización actual | Fecha de adquisición | Total de préstamos | Signatura topográfica completa | Código de barras | Fecha visto por última vez | Precio válido a partir de | Tipo de ítem Koha |
|---|---|---|---|---|---|---|---|---|---|---|---|---|
| El ejemplar forma parte de la colección y puede ser consultado según las políticas vigentes. | Biblioteca del Museo Franz Mayer (Rogerio Casas-Alatriste) | Biblioteca del Museo Franz Mayer (Rogerio Casas-Alatriste) | 23/11/2010 | DOC123 .D63 1604 | 5511 | 22/03/2019 | 22/03/2019 | Documentos |